<?xml version="1.0" encoding="UTF-8"?>
<record
    xmlns:xsi="http://www.w3.org/2001/XMLSchema-instance"
    xsi:schemaLocation="http://www.loc.gov/MARC21/slim http://www.loc.gov/standards/marcxml/schema/MARC21slim.xsd"
    xmlns="http://www.loc.gov/MARC21/slim">

  <leader>02722cam a2200433Ii 4500</leader>
  <controlfield tag="001">ocn891381766</controlfield>
  <controlfield tag="003">OCoLC</controlfield>
  <controlfield tag="005">20160322141921.0</controlfield>
  <controlfield tag="006">m     o  d        </controlfield>
  <controlfield tag="007">cr cn|||||||||</controlfield>
  <controlfield tag="008">140912t20152015mauao   o     001 0 eng d</controlfield>
  <datafield tag="020" ind1=" " ind2=" ">
    <subfield code="a">9780128008249</subfield>
  </datafield>
  <datafield tag="020" ind1=" " ind2=" ">
    <subfield code="a">0128008245</subfield>
  </datafield>
  <datafield tag="020" ind1=" " ind2=" ">
    <subfield code="a">0128007516</subfield>
  </datafield>
  <datafield tag="020" ind1=" " ind2=" ">
    <subfield code="a">9780128007518</subfield>
  </datafield>
  <datafield tag="020" ind1=" " ind2=" ">
    <subfield code="z">9780128007518</subfield>
  </datafield>
  <datafield tag="035" ind1=" " ind2=" ">
    <subfield code="a">(OCoLC)891381766</subfield>
    <subfield code="z">(OCoLC)893436790</subfield>
  </datafield>
  <datafield tag="037" ind1=" " ind2=" ">
    <subfield code="a">CL0500000490</subfield>
    <subfield code="b">Safari Books Online</subfield>
  </datafield>
  <datafield tag="040" ind1=" " ind2=" ">
    <subfield code="a">E7B</subfield>
    <subfield code="b">eng</subfield>
    <subfield code="e">rda</subfield>
    <subfield code="e">pn</subfield>
    <subfield code="c">E7B</subfield>
    <subfield code="d">OCLCO</subfield>
    <subfield code="d">UIU</subfield>
    <subfield code="d">UMI</subfield>
    <subfield code="d">CDX</subfield>
    <subfield code="d">DEBBG</subfield>
    <subfield code="d">DEBSZ</subfield>
    <subfield code="d">WAU</subfield>
    <subfield code="d">STF</subfield>
    <subfield code="d">B24X7</subfield>
    <subfield code="d">COO</subfield>
    <subfield code="d">OCLCQ</subfield>
  </datafield>
  <datafield tag="049" ind1=" " ind2=" ">
    <subfield code="a">MAIN</subfield>
  </datafield>
  <datafield tag="050" ind1=" " ind2="4">
    <subfield code="a">QA 76.9.A25</subfield>
    <subfield code="b">.P596 2015</subfield>
  </datafield>
  <datafield tag="100" ind1="1" ind2=" ">
    <subfield code="a">Polstra, Philip,</subfield>
    <subfield code="e">author.</subfield>
  </datafield>
  <datafield tag="245" ind1="1" ind2="0">
    <subfield code="a">Hacking and penetration testing with low power devices /</subfield>
    <subfield code="c">Philip Polstra ; technical editor, Vivek Ramachandran.</subfield>
  </datafield>
  <datafield tag="260" ind1=" " ind2=" ">
    <subfield code="a">Amsterdam :</subfield>
    <subfield code="b">Elsevier,</subfield>
    <subfield code="c">2015.</subfield>
  </datafield>
  <datafield tag="300" ind1=" " ind2=" ">
    <subfield code="a">xv, 260 pages :</subfield>
    <subfield code="b">illustrations ;</subfield>
    <subfield code="c">23 cm.</subfield>
  </datafield>
  <datafield tag="500" ind1=" " ind2=" ">
    <subfield code="a">Includes index.</subfield>
  </datafield>
  <datafield tag="505" ind1="0" ind2=" ">
    <subfield code="a">Meet the deck -- Meet the Beagles -- Installing a base operating system -- Filling the toolbox -- Powering the deck -- Input and output devices -- Building an army of devices -- Keeping your army secret -- Adding air support -- Future directions.</subfield>
  </datafield>
  <datafield tag="520" ind1=" " ind2=" ">
    <subfield code="a">This book shows how to perform penetration tests using small, low-powered devices that are easily hidden and may be battery-powered. It shows how to use an army of low-cost devices from distances of a mile or more. Polstra shows how to use various configurations, including a device the size of a deck of cards that can easily be attached to the back of a computer. Devices running a version of The Deck, a full-featured penetration testing and forensics Linux distribution, that can run for days or weeks on batteries due to their low power consumption, are discussed. You will also learn how to configure and use open-source tools, and how to leverage IEEE 802.15.4 networking to perform penetration tests from up to a mile away, or use 802.15.4 gateways to perform pen tests from anywhere in the world. --</subfield>
  </datafield>
  <datafield tag="590" ind1=" " ind2=" ">
    <subfield code="a">Elsevier</subfield>
    <subfield code="b">ScienceDirect All Books.</subfield>
  </datafield>
  <datafield tag="650" ind1=" " ind2="0">
    <subfield code="a">Penetration testing (Computer security)</subfield>
    <subfield code="x">Equipment and supplies.</subfield>
  </datafield>
  <datafield tag="650" ind1=" " ind2="0">
    <subfield code="a">BeagleBone (Computer)</subfield>
  </datafield>
  <datafield tag="650" ind1=" " ind2="4">
    <subfield code="a">Penetration testing (Computer security)</subfield>
    <subfield code="x">Equipment and supplies.</subfield>
  </datafield>
  <datafield tag="650" ind1=" " ind2="4">
    <subfield code="a">BeagleBone (Computer)</subfield>
  </datafield>
  <datafield tag="655" ind1=" " ind2="4">
    <subfield code="a">Electronic books.</subfield>
  </datafield>
  <datafield tag="700" ind1="1" ind2=" ">
    <subfield code="a">Ramachandran, Vivek,</subfield>
    <subfield code="e">editor.</subfield>
  </datafield>
  <datafield tag="776" ind1="0" ind2="8">
    <subfield code="i">Print version:</subfield>
    <subfield code="a">Polstra, Philip.</subfield>
    <subfield code="t">Hacking and penetration testing with low power devices.</subfield>
    <subfield code="d">Waltham, MA : Syngress, [2015]</subfield>
    <subfield code="z">9780128007518</subfield>
    <subfield code="w">(DLC)  2014027430</subfield>
    <subfield code="w">(OCoLC)883962651.</subfield>
  </datafield>
  <datafield tag="856" ind1="4" ind2="0">
    <subfield code="u">http://0-www.sciencedirect.com.lib1000.dlsu.edu.ph/science/book/9780128007518</subfield>
  </datafield>
  <datafield tag="942" ind1=" " ind2=" ">
    <subfield code="2">lcc</subfield>
    <subfield code="c">BK</subfield>
  </datafield>
  <datafield tag="999" ind1=" " ind2=" ">
    <subfield code="c">292840</subfield>
    <subfield code="d">292840</subfield>
  </datafield>
  <datafield tag="952" ind1=" " ind2=" ">
    <subfield code="0">0</subfield>
    <subfield code="1">0</subfield>
    <subfield code="2">lcc</subfield>
    <subfield code="4">0</subfield>
    <subfield code="a">CL</subfield>
    <subfield code="b">CL</subfield>
    <subfield code="c">RES</subfield>
    <subfield code="d">2016-03-22</subfield>
    <subfield code="e">Library Fund</subfield>
    <subfield code="g">5096.00</subfield>
    <subfield code="l">0</subfield>
    <subfield code="o">QA 76.9.A25 .P596 2015</subfield>
    <subfield code="p">C20498</subfield>
    <subfield code="r">2018-05-15 00:00:00</subfield>
    <subfield code="w">2016-03-22</subfield>
    <subfield code="y">BK</subfield>
  </datafield>
</record>
